Animals by Picture Quiz Stats

 Plays Quiz not verified by Sporcle

Support Sporcle.
Go Orange.
Score 0/20 Timer 07:00
0 Plays Today
% Correct
Blue Ringed Octopus
93%
Meerkat
86%
Spotted Hyena
67.7%
Saltwater Crocodile
64%
Toucan
57.5%
Alligator Snapping Turtle
56.5%
Sloth Bear
53.8%
Honey Badger
48.9%
Inland Taipan
47.8%
Jaguar
45.2%
% Correct
Ocelot
35.5%
Wolverine
23.7%
Gannet
22.6%
Dingo
22.6%
Ethiopian Wolf
22.6%
Serval
22%
Cheetah
21.5%
Baboon
18.8%
Pronghorn
12.9%
Black Caiman
8.1%

You're not logged in!

Compare scores with friends on all Sporcle quizzes.
OR
Log In

From the Vault

Movie Name Swap II

by bruceN

'David Huddleston: The Movie' sounds like a pretty good flick.
Remove Ads.
Support Sporcle.
Get the best of Sporcle when you Go Orange. This ad-free experience offers more features, more stats, and more fun while also helping to support Sporcle. Thank you for becoming a member.

Show Comments

Extras

Created May 5, 2015ReportNominate
Tags:Animal Quiz

Top Quizzes Today


Score Distribution

Your Account Isn't Verified!

In order to create a playlist on Sporcle, you need to verify the email address you used during registration. Go to your Sporcle Settings to finish the process.

Report this User

Report this user for behavior that violates our Community Guidelines.

Details: